Rebel-in-chief : (Record no. 15465)

000 -LEADER
fixed length control field 03113cam a22004214a 4500
001 - CONTROL NUMBER
control field 14071468
005 - DATE AND TIME OF LATEST TRANSACTION
control field 20170105102918.0
008 - FIXED-LENGTH DATA ELEMENTS--GENERAL INFORMATION
fixed length control field 050811s2006 nyu 001 0deng
010 ## - LIBRARY OF CONGRESS CONTROL NUMBER
LC control number 2005023362
020 ## - INTERNATIONAL STANDARD BOOK NUMBER
International Standard Book Number 0307336492
020 ## - INTERNATIONAL STANDARD BOOK NUMBER
International Standard Book Number 9780307336491
035 ## - SYSTEM CONTROL NUMBER
System control number (OCoLC)ocm61361545
040 ## - CATALOGING SOURCE
Original cataloging agency DLC
Transcribing agency DLC
Modifying agency BAKER
-- C#P
-- BUR
-- DLC
042 ## - AUTHENTICATION CODE
Authentication code pcc
043 ## - GEOGRAPHIC AREA CODE
Geographic area code n-us---
050 00 - LIBRARY OF CONGRESS CALL NUMBER
Classification number E902
Item number .B3725 2006
082 04 - DEWEY DECIMAL CLASSIFICATION NUMBER
Classification number 973.931/092
Edition number 22
100 1# - MAIN ENTRY--PERSONAL NAME
Personal name Barnes, Fred,
Dates associated with a name 1943-
245 10 - TITLE STATEMENT
Title Rebel-in-chief :
Remainder of title inside the bold and controversial presidency of George W. Bush /
Statement of responsibility, etc. Fred Barnes.
250 ## - EDITION STATEMENT
Edition statement 1st ed.
260 ## - PUBLICATION, DISTRIBUTION, ETC.
Place of publication, distribution, etc. New York :
Name of publisher, distributor, etc. Crown Forum,
Date of publication, distribution, etc. c2006.
300 ## - PHYSICAL DESCRIPTION
Extent 220 p. ;
Dimensions 22 cm.
500 ## - GENERAL NOTE
General note Includes index.
505 0# - FORMATTED CONTENTS NOTE
Formatted contents note The insurgent leader -- The outsider : Bush and the Washington establishment -- Strike the hole, strike the rancher : the Bush revolution in foreign policy -- Reversal : reinventing America's role in the Middle East -- Unflinching : bringing democracy to Iraq -- The crusade for democracy -- Taking ownership -- Faith-based -- The new conservatism -- The new majority.
520 ## - SUMMARY, ETC.
Summary, etc. Veteran political reporter Barnes provides an insider's view of how Bush's unique presidential style and bold reforms are dramatically remaking the country--and, indeed, the world. In the process, Barnes shows, the president is shaking up Washington and reshaping the conservative movement. Barnes has gained extraordinary access to the Bush administration, conducting rare one-on-one interviews with Bush, Cheney, Rice, Rumsfeld, and many other close presidential advisers. Barnes shows how Bush acts as an "insurgent force" in the nation's capital; how he is redefining conservatism for a new era; how he has revolutionized American foreign policy--and how his crusade for democracy would have been anathema to Bush himself only five years ago; when and why he decided to go into Iraq, even knowing that he was putting his future at risk; how he routinely defies conventional wisdom--and why he usually wins.--From publisher description.
600 10 - SUBJECT ADDED ENTRY--PERSONAL NAME
Personal name Bush, George W.
Fuller form of name (George Walker),
Dates associated with a name 1946-
General subdivision Political and social views.
600 10 - SUBJECT ADDED ENTRY--PERSONAL NAME
Personal name Bush, George W.
Fuller form of name (George Walker),
Dates associated with a name 1946-
General subdivision Influence.
650 #0 - SUBJECT ADDED ENTRY--TOPICAL TERM
Topical term or geographic name entry element Conservatism
Geographic subdivision United States.
651 #0 - SUBJECT ADDED ENTRY--GEOGRAPHIC NAME
Geographic name United States
General subdivision Politics and government
Chronological subdivision 2001-2009.
651 #0 - SUBJECT ADDED ENTRY--GEOGRAPHIC NAME
Geographic name United States
General subdivision Foreign relations
Chronological subdivision 2001-
856 41 - ELECTRONIC LOCATION AND ACCESS
Materials specified Table of contents only
Uniform Resource Identifier <a href="http://www.loc.gov/catdir/toc/ecip0517/2005023362.html">http://www.loc.gov/catdir/toc/ecip0517/2005023362.html</a>
856 42 - ELECTRONIC LOCATION AND ACCESS
Materials specified Contributor biographical information
Uniform Resource Identifier <a href="http://www.loc.gov/catdir/enhancements/fy0622/2005023362-b.html">http://www.loc.gov/catdir/enhancements/fy0622/2005023362-b.html</a>
856 42 - ELECTRONIC LOCATION AND ACCESS
Materials specified Publisher description
Uniform Resource Identifier <a href="http://www.loc.gov/catdir/enhancements/fy0622/2005023362-d.html">http://www.loc.gov/catdir/enhancements/fy0622/2005023362-d.html</a>
856 41 - ELECTRONIC LOCATION AND ACCESS
Materials specified Sample text
Uniform Resource Identifier <a href="http://www.loc.gov/catdir/enhancements/fy0622/2005023362-s.html">http://www.loc.gov/catdir/enhancements/fy0622/2005023362-s.html</a>
906 ## - LOCAL DATA ELEMENT F, LDF (RLIN)
a 7
b cbc
c orignew
d 1
e ecip
f 20
g y-gencatlg
942 ## - ADDED ENTRY ELEMENTS (KOHA)
Source of classification or shelving scheme
Koha item type Book
Holdings
Withdrawn status Lost status Damaged status Not for loan Collection code Permanent Location Current Location Shelving location Date acquired Total Checkouts Full call number Barcode Date last seen Price effective from Koha item type
          Centre for International Peace & Stability (CIPS) Centre for International Peace & Stability (CIPS) General Stacks 10/02/2013   973.931092 BAR 2006 CIPS0002304 12/03/2013 12/03/2013 Book
© 2023 Central Library, National University of Sciences and Technology. All Rights Reserved.